Jivan Kiyono lage (Record no. 2923)
[ view plain ]
| 000 -LEADER | |
|---|---|
| fixed length control field | 00472cam a2200193ua 4500 |
| 008 - FIXED-LENGTH DATA ELEMENTS--GENERAL INFORMATION | |
| fixed length control field | 150218n ii |||gr||||Z||||||asm |
| 040 ## - CATALOGING SOURCE | |
| Transcribing agency | MAIN |
| 041 ## - LANGUAGE CODE | |
| -- | asm |
| 082 ## - DEWEY DECIMAL CLASSIFICATION NUMBER | |
| Classification number | 891.4513 |
| 100 ## - MAIN ENTRY--PERSONAL NAME | |
| Personal name | Mahanta, Lakshmi Kanta, |
| Relator term | |
| 245 ## - TITLE STATEMENT | |
| Title | Jivan Kiyono lage |
| Statement of responsibility, etc. | by Lakshmi Kanta Mahanta |
| 250 ## - EDITION STATEMENT | |
| Edition statement | 1st. |
| 260 ## - PUBLICATION, DISTRIBUTION, ETC. | |
| Place of publication, distribution, etc. | Dibrugarh: |
| Name of publisher, distributor, etc. | Banalata,990. |
| 300 ## - PHYSICAL DESCRIPTION | |
| Extent | 387p: |
| Dimensions | 23cm. |
| 942 ## - ADDED ENTRY ELEMENTS (KOHA) | |
| Koha item type | Books |
| 653 ## - INDEX TERM--UNCONTROLLED | |
| Uncontrolled term | Assamese novel |
| 653 ## - INDEX TERM--UNCONTROLLED | |
| Uncontrolled term | Jivan Kiyono lage |
| Withdrawn status | Lost status | Damaged status | Not for loan | Home library | Current library | Shelving location | Date acquired | Total Checkouts | Full call number | Barcode | Date last seen | Date last checked out | Copy number | Price effective from | Koha item type |
|---|---|---|---|---|---|---|---|---|---|---|---|---|---|---|---|
| Central Library, Naharkatiya College | Central Library, Naharkatiya College | General Stacks | 19/09/2020 | 1 | 891.4513 | MAH | 9928 | 07/01/2022 | 06/01/2022 | 1 | 19/09/2020 | Books | ||||
| Central Library, Naharkatiya College | Central Library, Naharkatiya College | General Stacks | 19/09/2020 | 891.4513 | MAH | 9929 | 19/09/2020 | 2 | 19/09/2020 | Books |
